Scrubs Nicknames Search Quiz Stats

 Plays Quiz not verified by Sporcle

Challenge
Share
Tweet
Embed
Score 0/9 Timer 01:30
0 Plays Today
% Correct
Dr. John 'I think I'm a man of the people but now, thanks to the Janitor, everyone knows I'm a fraud and I have egg on my face' Dorian
81.4%
Scooter Pie
69.1%
Whiney Face
61%
Whiney Britches
55.9%
Whiney Dancer
52.5%
Pepe La Fritz
50.4%
Nosy Nelly
40.3%
Killer
35.2%
Food Stamps
20.8%

You're not logged in!

Compare scores with friends on all Sporcle quizzes.
Join for Free
OR
Log In

You Might Also Like...

Show Comments

Extras

Top Quizzes Today


Score Distribution

Your Account Isn't Verified!

In order to create a playlist on Sporcle, you need to verify the email address you used during registration. Go to your Sporcle Settings to finish the process.

Report this User

Report this user for behavior that violates our Community Guidelines.

Details: